000 01699nam a2200229Ia 4500
999 _c51666
_d51666
001 18657
003 GE_BSU
005 20210412154921.0
008 181216s2016||||ge |||||||||||||| ||geo||
040 _cGE_BSU
041 _ageo
080 _a33 შ-18
100 _aშაინიძე, ეკატერინე
_911225
245 _aსაქართველოს სახელმწიფო საგადასახადო ადმინისტრირების ადგილი ფისკალურ პოლიტიკაში და მისი გავლენა ქვეყნის ეკონომიკურ განვითარებაზე /
_cეკატერინე შაინიძე; მეცნ. ხელმძღვანელი ვ. ვერულიძე; ბათუმის შოთა რუსთაველის სახ-ფო უნ-ტი.
264 _aბათუმი :
_bბათუმის შოთა რუსთაველის სახ. უნ-ტი,
_c2016.
300 _a189 გვ.;
_b30 სმ.
653 _aდისერტაცია
653 _aეკონომიკა
653 _aსაქართველოს სახელმწიფო საგადასახადო ადმინისტრირების ადგილი ფისკალურ პოლიტიკაში და მისი გავლენა ქვეყნის ეკონომიკურ განვითარებაზე
700 _aვერულიძე, ვ.
_eმეცნ. ხელმძღვანელი
_911226
942 _cBK
_2udc